| 000 | 00883nam a2200265 a 4500 | ||
|---|---|---|---|
| 001 | 000018497 | ||
| 005 | 20200929165820.0 | ||
| 008 | 931025s1943 sp 000 f spa d | ||
| 040 |
_aDO-SdBNP _bspa _cBNPHU |
||
| 082 |
_a863.3 _bQ5su, 1943 |
||
| 100 | 1 |
_aQuevedo, Francisco de, _d1580-1645. _96261 |
|
| 245 | 1 | 4 |
_aLos sueños / _cQuevedo ; edición y notas de Julio Cejador y Frauca. |
| 250 | _a3a ed. | ||
| 260 |
_aMadrid : _bEscape-Calpe, _c1943. |
||
| 300 |
_av. ; _c19 cm. |
||
| 490 | 1 |
_aClásicos castellanos _v34 |
|
| 500 | _aLa biblioteca posee el volumen 2. | ||
| 504 | _aIncluye referencias bibliográficas y notas al pie de las páginas. | ||
| 650 | 4 |
_aNovela española _91123 |
|
| 650 | 4 |
_aLiteratura española _ySIGLO XVI _98688 |
|
| 700 | 1 |
_aCejador y Frauca, Julio, _eed. _939879 |
|
| 830 | 0 |
_aClásicos castellanos ; _v34 _94180 |
|
| 910 | _aWM | ||
| 049 | _aBNGR | ||
| 999 |
_c18017 _d18017 |
||